V průzkumu firemního vzdělávání jednoznačně zvítězila praxe

Prieskum využitia a prínosu jednotlivých vzdelávacích metód vo firemnom vzdelávaní. Podľa respondentov za najvyužívanejšiu a najprínosnejšiu metódu považujú prax. Prínos jednotlivých metód. Malý priestor je venovaný spätnej väzbe, ktorá by mala po každom školení nasledovať.

Guardado en:
Detalles Bibliográficos
Formato: Capítulo de libro
Lenguaje:checo
Materias:
Etiquetas: Agregar Etiqueta
Sin Etiquetas, Sea el primero en etiquetar este registro!

MARC

LEADER 00000naa a2200000 4500
001 0231280
005 20221104111616.0
041 0 |a cze 
044 |a CZ 
245 1 0 |a V průzkumu firemního vzdělávání jednoznačně zvítězila praxe 
520 |a Prieskum využitia a prínosu jednotlivých vzdelávacích metód vo firemnom vzdelávaní. Podľa respondentov za najvyužívanejšiu a najprínosnejšiu metódu považujú prax. Prínos jednotlivých metód. Malý priestor je venovaný spätnej väzbe, ktorá by mala po každom školení nasledovať. 
610 2 0 |a firmy 
610 2 0 |a vzdelávanie 
610 2 0 |a metódy 
610 2 0 |a väzba spätná